000 01368nam a22001457a 4500
005 20240726132659.0
008 240717b ||||| |||| 00| 0 eng d
050 _aLB2395.M445(6e)
082 _27ed
245 _aStudy and critical thinking skills in college/
_cKathleen T. McWhorter
300 _aXvii, 425 p,:
_c24cm
500 _aIncludes references, endnotes, credits, index
505 _aContents: Part 1: College: Strategies for success -- the college system: an orientation -- taking charge of your college career -- establishing goals and managing your time -- managing your life and coping with stress -- communication skills for the classroom -- thinking critically and solving problems -- Part 2: Learning and thinking strategies: learning styles and teaching styles -- learning and memory -- Part 3: Applying your skills to academic disciplines: study strategies for academic discipline -- learning specialized and technical vocabulary -- Part4: Mastering course content: thought patterns of academic disciplines -- note taking for class lectures -- learning from textbooks, graphics, and online sources -- organizing and synthesizing course content -- critical reading and thinking about course content -- Part 5: Exams: Thinking under pressure: preparing for exams -- reasoning skills for objective exams -- taking essay exams.
942 _2ddc
_cBK
_e7ed
999 _c10291
_d17791